Statistics for Countries of Top 10 Longest Beaches in the World

Click here to take the quiz!

General Stats

  • This quiz has been taken 68 times
  • The average score is 8 of 10

Answer Stats

Answer% Correct
United States
98%
United States
98%
United States
98%
Brazil
90%
Australia
87%
Australia
87%
Mexico
84%
New Zealand
56%
South Africa
54%
Bangladesh
11%

Score Distribution

Percentile by Number Answered

Percent of People with Each Score

Your Score History

You have not taken this quiz